书目信息 |
| 题名: |
“家校社”共同参与学生综合实践研究
|
|
| 作者: | 丁光辉, 主编 | |
| 分册: | ||
| 出版信息: | 北京 光明日报出版社 2016 |
|
| 页数: | 292页 | |
| 开本: | 24cm | |
| 丛书名: | 名师名校名校长书系 | |
| 单 册: | ||
| 中图分类: | G459 | |
| 科图分类: | ||
| 主题词: | 学校教育--xue xiao jiao yu--合作--家庭教育--研究 , 学校教育--xue xiao jiao yu--合作--社会教育--研究 | |
| 电子资源: | ||
| ISBN: | 978-7-5194-1569-3 | |
| 000 | 01090nam 2200277 450 | |
| 001 | 012001002779 | |
| 005 | 20131024093011.0 | |
| 010 | @a978-7-5194-1569-3@dCNY36.00 | |
| 099 | @aCAL 012019110801 | |
| 100 | @a20171229d2016 emky0chiy50 ea | |
| 101 | 0 | @achi |
| 102 | @aCN@b110000 | |
| 105 | @ak z 000yy | |
| 106 | @ar | |
| 200 | 1 | @a“家校社”共同参与学生综合实践研究@A“ jia xiao she ” gong tong can yu xue sheng zong he shi jian yan jiu@f丁光辉主编 |
| 210 | @a北京@c光明日报出版社@d2016 | |
| 215 | @a292页@d24cm | |
| 225 | 2 | @a名师名校名校长书系@Aming shi ming xiao ming xiao chang shu xi |
| 330 | @a本书共包括四篇内容,主要阐述了家校社合作的历史,共同参与学生综合实践活动的背景及意义,当前家校社合作的模式,活动精选以及案例精选,国内外的理论和观点等内容。 | |
| 410 | 0 | @12001 @a名师名校名校长书系 |
| 606 | 0 | @a学校教育@Axue xiao jiao yu@x合作@x家庭教育@x研究 |
| 606 | 0 | @a学校教育@Axue xiao jiao yu@x合作@x社会教育@x研究 |
| 690 | @aG459@v5 | |
| 701 | 0 | @a丁光辉,@Ading guang hui@f1967-@4主编 |
| 801 | 0 | @aCN@b江苏凤凰@c20191020 |
| 905 | @b1225375-8@dG459@e341@f4 | |
| “家校社”共同参与学生综合实践研究/丁光辉主编.-北京:光明日报出版社,2016 |
| 292页;24cm.-(名师名校名校长书系) |
| ISBN 978-7-5194-1569-3:CNY36.00 |
| 本书共包括四篇内容,主要阐述了家校社合作的历史,共同参与学生综合实践活动的背景及意义,当前家校社合作的模式,活动精选以及案例精选,国内外的理论和观点等内容。 |
| ● |
| 相关链接 |
|
|
|
|
正题名:"家校社"共同参与学生综合实践研究
索取号:G459/341
 
预约/预借
| 序号 | 登录号 | 条形码 | 馆藏地/架位号 | 状态 | 备注 |
| 1 | 1225375 | 212253755 | 第一样本阅览室/ [索取号:G459/341] | 在馆 | |
| 2 | 1225376 | 212253764 | 教育系资料室/ [索取号:G459/341] | 在馆 | |
| 3 | 1225377 | 212253773 | 教育系资料室/ [索取号:G459/341] | 在馆 | |
| 4 | 1225378 | 212253782 | 第四借阅区/ [索取号:G459/341] | 在馆 |